000 00401nam a22001697a 4500
003 NUST - PNEC
005 20170116181116.0
008 151004b xxu||||| |||| 00| 0 eng d
020 _a-
040 _cLIBRARY
082 _a954 TAH
100 _913252
_aTahir,Sattar
245 _aAzadi se pehle
_cSattar Tahir
260 _cc.1992
650 _913255
_aUrdu literature
_xHistory
942 _2ddc
_cBK
999 _c69359
_d69359